| 000 | 00384nam a2200133 a 4500 | ||
|---|---|---|---|
| 001 | 000032122 | ||
| 005 | 20200930063441.0 | ||
| 008 | 110712s1982 dr 000 0 spa d | ||
| 040 |
_aDO-SdBNP _bspa _cBNPHU |
||
| 245 | 0 | 0 | _aFrancisco Xavier Billini 1882-1982 /. |
| 260 |
_aSanto Domingo : _b[Loteria Nacional, _c1982]. |
||
| 300 |
_a1v. Con varias paginaciones ; _c1982. |
||
| 049 | _aBNPD | ||
| 999 |
_c31613 _d31613 |
||